| 000 | 01175nam a2200313 a 4500 | ||
|---|---|---|---|
| 003 | CHAP | ||
| 005 | 20230606190352.0 | ||
| 007 | ta | ||
| 008 | 230606s1992 mx ao||fr|||| 001 0 spa d | ||
| 020 | _a968-884-182-X | ||
| 040 |
_amxchpua _cCHAP _erda |
||
| 090 |
_aF 2275 _b1992 |
||
| 245 | 1 | 0 |
_aLa agroindustria aceitera del noroeste : _bsituación y perspectivas de integración de los productores / _cJosé Víctor Sánchez Peña...[y otros] |
| 250 | _a1a edición | ||
| 264 |
_aMéxico : _bUACh. Comité de Servicio Universitario : CIESTAAM : PIIAI, _c1992 |
||
| 300 |
_a36 páginas : _bilustraciones, tablas, fotos |
||
| 336 |
_2rdacontent _atexto _btxt |
||
| 337 |
_2rdamedia _asin medio _bn |
||
| 338 |
_2rdacarrier _avolumen _bnc |
||
| 504 | _aBibliografía: página 36 | ||
| 650 | 1 | 3 |
_9156567 _aAceites |
| 650 | 1 | 3 |
_9187353 _aGrasas y aceites de cocina |
| 650 | 1 | 3 |
_9154338 _aIndustria de la grasa y el aceite |
| 650 | 1 | 3 |
_9156570 _aOils |
| 650 | 1 | 3 |
_9187354 _aCooking fats and oils |
| 650 | 1 | 3 |
_9157566 _aFats and oils industry |
| 700 | 1 |
_9107749 _aSánchez Peña, José Víctor _eautor |
|
| 942 |
_2Clasificación Universidad Autónoma Chapingo _cFolleto |
||
| 999 |
_c218909 _d218909 |
||